Hudba a neurónové siete

Saved in:
Bibliographic Details
Main Author: Kolek, Peter Oliver (Author)
Other Authors: Nguyen Thu, Giang (Thesis advisor)
Format: Manuscript Book
Language:Slovak
Published: 2022
Subjects:
Online Access:http://is.stuba.sk/zp/portal_zp.pl?podrobnosti=148424
Tags: Add Tag
No Tags, Be the first to tag this record!

MARC

LEADER 00000ntm a22000003a 4500
001 stuzp88027
003 SK-STU
005 20220625210809.9
007 ta
008 150427s2015----xo-----f-mn---000-0-slo-d
040 |a STU  |b slo 
041 0 |a slo 
100 1 |a Kolek, Peter Oliver  |u 070200  |4 aut  |U FIIT Fakulta informatiky a informačných technológií  |T FIIT Ústav informatiky, informačných systémov a softvérového inžinierstva  |X 96920  |U I200  |Y 179  |7 96920 
242 0 1 |a Music and neural networks  |y eng 
245 1 0 |a Hudba a neurónové siete 
260 |c 2022 
650 4 |a umelá inteligencia  |2 slo 
650 4 |a hudba  |2 slo 
650 4 |a neurónová sieť  |2 slo 
650 4 |a neural network  |2 eng 
650 4 |a artificial intelligence  |2 eng 
650 4 |a music  |2 eng 
700 1 |a Nguyen Thu, Giang  |u 070200  |k Z1  |4 ths  |U FIIT Fakulta informatiky a informačných technológií  |T FIIT Ústav informatiky, informačných systémov a softvérového inžinierstva  |X 90747  |U I200  |Y 179  |7 90747 
856 4 |u http://is.stuba.sk/zp/portal_zp.pl?podrobnosti=148424